Understanding soft condensed matter via modeling and computation (Record no. 754745)

MARC details
000 -LEADER
fixed length control field 00483nam a22001697a 4500
020 ## - INTERNATIONAL STANDARD BOOK NUMBER
ISBN 9789814295581
084 ## - OTHER CLASSIFICATION NUMBER
Classification number 530.41
245 ## - TITLE STATEMENT
Title Understanding soft condensed matter via modeling and computation
260 ## - PUBLICATION, DISTRIBUTION, ETC. (IMPRINT)
Place of publication Singapore:
Name of publisher World Scientific,
Year of publication 2011.
300 ## - PHYSICAL DESCRIPTION
Number of Pages vii,367p.
490 ## - SERIES STATEMENT
Series statement Series in soft condensed matter Vol.3
650 ## - SUBJECT ADDED ENTRY--TOPICAL TERM
Topical Term States of matter 
700 ## - ADDED ENTRY--PERSONAL NAME
Personal name Wenbing, Hu
700 ## - ADDED ENTRY--PERSONAL NAME
Personal name Chang, Shi-An
942 ## - ADDED ENTRY ELEMENTS (KOHA)
Source of classification or shelving scheme Dewey Decimal Classification
Koha item type Book
Holdings
Withdrawn status Lost status Source of classification or shelving scheme Damaged status Not for loan Collection code Home Library Current Location Shelving location Date acquired Source of acquisition Cost, normal purchase price Full call number Accession Number Price effective from Koha item type
    Dewey Decimal Classification     Non-fiction Dept. of Physics Dept. of Physics General Stacks 03/01/2026 SBS-T/25 dt 16-01-2026 12508.32 530.41 WEN-U PHY9034 03/01/2026 Book